000 00580nam a22001697a 4500
005 20251108165311.0
008 250721s1994 xx 000 0 ara d
082 1 4 _a956.52/سفر
100 1 _aالحوالي، سفر
245 1 0 _aالقدس بين الوعد الحق المفتري :
_bالموقف الإسلامي من مشروع السلام العربي اليهودي /
264 1 _aالقاهره :
_bمكتبة السنه،
_c1994.
300 _a95ص
650 1 7 _aتاريخ فلسطين
650 1 7 _aتاريخ القدس
942 _2ddc
_cBK
999 _c24497
_d24497